[Event "German Bundesliga 2021-22"]
[Site "Germany"]
[Date "2022.04.10"]
[Round "4.5"]
[White "Berchtenbreiter, Maximilian"]
[Black "Fedorchuk, Sergey A."]
[Result "0-1"]
[WhiteElo "2506"]
[BlackElo "2605"]
[Annotator "TA"]
[PlyCount "110"]
[EventDate "2022.03.05"]
[EventType "team-tourn"]
[EventCountry "GER"]
[SourceTitle "playchess.com"]
[Source "ChessBase"]
[SourceQuality "1"]
[TimeControl "40/5400+30:1800+30"]

{[%evp 17,110,0,0,0,0,0,7,25,1,11,27,28,20,12,51,45,50,39,77,-8,-28,-13,-10,-40,0,-5,0,0,0,0,-6,-8,-9,-18,0,0,0,-17,-18,-93,-101,-120,-126,-125,-133,-112,-115,-182,-191,-191,-162,-162,-162,-162,-162,-183,-190,-185,-189,-207,-212,-297,-190,-509,-487,-588,-562,-601,-664,-853,-859,-1234,-1183,-29970,-29971,-29971,-29972,-29972,-29971,-29972,-29973,-29977,-29978,-29978,-29979,-29980,-29981,-29982,-29983,-29983,-29984,-29985,-29986,-29986,-29981]} 1. e4 {[%emt 0:00:00]} c5 {[%emt 0:00:00]} 2. Nf3 {[%emt 0:00:00]} Nc6 {[%emt 0:00:00]} 3. c3 {[%emt 0:00:00]} d5 {[%emt 0:00:00]} 4. exd5 {[%emt 0:00:00]} Qxd5 {[%emt 0:00:00]} 5. d4 {[%emt 0:00:00]} e6 {[%emt 0:00:00]} 6. Na3 {[%emt 0:00:00]} Nf6 {[%emt 0:00:00]} 7. Nb5 {[%emt 0:00:00]} Qd8 {[%emt 0:02:41]} 8. dxc5 {[%emt 0:00:00]} Bxc5 {[%emt 0:02:06]} 9. Qxd8+ {[%emt 0:00:00]} Kxd8 {[%emt 0:00:10]} 10. b4 {[%emt 0:00:00] B22: Sicilian: 2 c3.} Be7 {[%emt 0:20:49] [#]} 11. a4 $146 {[%emt 0:00:00]} ({Predecessor:} 11. Bg5 Bd7 12. O-O-O Rc8 13. Kb2 a6 14. Nd6 Bxd6 15. Rxd6 Ke7 16. Rd1 Rhd8 17. Bd3 h6 {½-½ (65) Oberoi,S (2199)-Griffith,K (2372) Charlotte 2021}) 11... Bd7 {[%emt 0:05:34]} 12. Be2 {[%emt 0:00:00] The position is equal.} a6 {[%emt 0:13:19]} 13. Na3 {[%emt 0:00:00]} Nd5 {[%emt 0:00:10]} 14. Bd2 {[%emt 0:00:00]} f6 {[%emt 0:07:20]} 15. O-O {[%emt 0:00:00]} g5 {[%emt 0:01:14]} 16. Nc4 {[%emt 0:24:25]} Kc7 {[%emt 0:04:15]} 17. b5 {[%emt 0:20:07]} Nd8 {[%emt 0:12:52] [#]} 18. Rab1 {[%emt 0:21:08]} ({White should try} 18. bxa6 $1 $16 bxa6 19. Nd4) 18... axb5 $11 {[%emt 0:09:08]} 19. axb5 {[%emt 0:00:03]} e5 {[%emt 0:03:25]} 20. Rfd1 {[%emt 0:11:39]} Be6 {[%emt 0:04:03][%cal Bd7e6,Be6f5,Bf5d3][%mdl 32]} 21. Ne3 {[%emt 0:03:54]} Nxe3 {[%emt 0:06:42]} 22. Bxe3 {[%emt 0:01:18]} b6 {[%emt 0:00:39]} 23. Nd2 {[%emt 0:01:56]} Nb7 {[%emt 0:00:05]} 24. Bc4 {[%emt 0:01:49]} Bf5 {[%emt 0:00:46]} 25. Ra1 {[%emt 0:00:16]} Rxa1 {[%emt 0:03:52]} (25... Rhd8 {is more complex.} 26. Ra6 Nc5 27. Raa1 Bc2) 26. Rxa1 {[%emt 0:00:02]} Rd8 {[%emt 0:00:02] Against Bd5} 27. Kf1 {[%emt 0:04:49]} Bc5 {[%emt 0:01:39]} 28. Ke2 {[%emt 0:03:16]} (28. Bxc5 $11 {keeps the balance.} Nxc5 29. Ke2) 28... Na5 $17 {[%emt 0:00:17] Black continues to play with concentration.} 29. Bf7 {[%emt 0:09:17]} Bd3+ {[%emt 0:01:35]} 30. Ke1 {[%emt 0:00:21] Black must now prevent Bxc5.} Bxe3 {[%emt 0:00:21] &Nero is more active.} 31. fxe3 {[%emt 0:00:03]} Bxb5 {[%emt 0:00:14]} 32. e4 {[%emt 0:00:45] [#]} (32. c4 $17 {was called for.} Bc6 33. Bd5) 32... Rd3 $1 $19 {[%emt 0:00:49] Strongly threatening ...Re3+.} 33. c4 {[%emt 0:00:31]} Bc6 {[%emt 0:01:17][%cal Od3d2] Hoping for ...Rxd2!} 34. c5 {[%emt 0:00:03] [#]} Bxe4 $1 {[%emt 0:01:28][%mdl 512]} 35. Nxe4 {[%emt 0:00:30]} Re3+ {[%emt 0:00:06]} 36. Kf2 {[%emt 0:00:44]} Rxe4 {[%emt 0:00:04][%mdl 4096] Endgame KRB-KRN} 37. g3 {[%emt 0:00:22]} Nc6 {[%emt 0:01:07]} 38. Bd5 {[%emt 0:01:17]} Rb4 {[%emt 0:00:12]} 39. Ra6 {[%emt 0:00:49]} (39. cxb6+ {was worth a try.} Rxb6 40. g4) 39... Rb5 {[%emt 0:00:47]} 40. Bxc6 $2 {[%emt 0:00:33]} (40. cxb6+ {is more resistant.} Rxb6 41. Rxb6 Kxb6 42. g4) 40... Kxc6 {[%emt 0:00:04]} 41. cxb6 {[%emt 0:30:05]} Rxb6 {[%emt 0:30:10] KR-KR} 42. Ra7 {[%emt 0:00:03]} h5 {[%emt 0:01:27]} 43. Rh7 {[%emt 0:00:20]} Kd5 {[%emt 0:00:00]} 44. Rxh5 {[%emt 0:00:00]} Ke4 {[%emt 0:00:00] And now ...Rb2+ would win.} 45. h4 {[%emt 0:00:00]} Rb2+ {[%emt 0:00:00] Black mates.} 46. Ke1 {[%emt 0:00:00]} Ke3 {[%emt 0:00:00][%cal Rb2b1]} 47. Kd1 {[%emt 0:00:00]} Rd2+ {[%emt 0:00:00]} 48. Kc1 {[%emt 0:00:00]} Rh2 {[%emt 0:00:00]} 49. Rh6 {[%emt 0:00:00]} gxh4 {[%emt 0:00:00]} 50. gxh4 {[%emt 0:00:00]} f5 {[%emt 0:00:00][%cal Bf6f5,Bf5f4,Bf4f3][%mdl 32]} 51. Rh5 {[%emt 0:00:00]} Ke4 {[%emt 0:00:00]} 52. Kd1 {[%emt 0:00:00]} f4 {[%emt 0:00:00]} 53. Ke1 {[%emt 0:00:00]} f3 {[%emt 0:00:00]} 54. Kf1 {[%emt 0:00:00]} Kf4 {[%emt 0:00:00]} 55. Rh8 {[%emt 0:00:00]} Ke3 {[%emt 0:00:00] Weighted Error Value: White=0.42/Black=0.06 (flawless)} 0-1

[Event "German Bundesliga 2021-22"]
[Site "Germany"]
[Date "2022.04.10"]
[Round "4.5"]
[White "Stankovic, Milos"]
[Black "Novikov, Igor"]
[Result "1/2-1/2"]
[WhiteElo "2412"]
[BlackElo "2551"]
[Annotator "TA"]
[PlyCount "51"]
[EventDate "2022.03.05"]
[EventType "team-tourn"]
[EventCountry "GER"]
[SourceTitle "playchess.com"]
[Source "ChessBase"]
[SourceQuality "1"]
[TimeControl "40/5400+30:1800+30"]

{[%evp 9,51,4,19,14,11,0,6,0,7,17,0,3,1,0,27,0,0,-14,7,11,17,14,39,40,48,30,37,13,9,-891,42,0,17,0,45,43,20,0,18,0,4,0,0,0]} 1. e4 {[%emt 0:00:00]} c5 {[%emt 0:00:00]} 2. Nc3 {[%emt 0:00:00]} d6 {[%emt 0:00:00]} 3. Bb5+ {[%emt 0:00:00]} Bd7 {[%emt 0:00:00]} 4. Bxd7+ {[%emt 0:00:00]} Qxd7 {[%emt 0:00:00]} 5. d4 {[%emt 0:00:00]} cxd4 $1 {[%emt 0:00:00]} 6. Qxd4 {[%emt 0:00:00] B23: Closed Sicilian: Lines without g3.} Nc6 {[%emt 0:00:00]} 7. Qd3 {[%emt 0:00:00]} g6 {[%emt 0:00:00]} 8. Nf3 {[%emt 0:00:00]} Bg7 {[%emt 0:00:00]} 9. O-O {[%emt 0:00:00]} Nf6 {[%emt 0:00:00][%cal Bg8f6,Bf6h5,Bh5f4][%mdl 32]} 10. Nd5 {[%emt 0:00:00]} O-O {[%emt 0:07:22]} 11. Bg5 {[%emt 0:00:57]} Nh5 12. c3 {[%emt 0:00:30] [#]} e6 $146 {[%emt 0:39:42]} ({Predecessor:} 12... h6 13. Be3 Kh7 14. Rfd1 Rac8 15. h3 Nf6 16. a4 Qe6 17. a5 Rfd8 18. Ra4 Nd7 {0-1 (61) Jones,G (2657)-Grischuk,A (2773) Chess.com INT 2021}) 13. Ne3 {[%emt 0:00:30]} f6 {[%emt 0:04:30]} (13... h6 $5 {[%cal Rh6g5]} 14. Bh4 f5 $11) 14. Bh4 {[%emt 0:15:55]} Rfd8 {[%emt 0:01:35]} 15. Rad1 {[%emt 0:05:42]} Qe7 {[%emt 0:00:20]} 16. Nd4 Nf4 {[%emt 0:00:30] [#]} 17. Nxc6 $1 bxc6 {[%emt 0:00:30]} 18. Qc4 Rac8 {[%emt 0:00:30]} 19. Qd3 $2 {[%emt 0:07:43][%mdl 8192]} Ra8 $2 {[%emt 0:05:47]} (19... Nxd3 $19 20. Rxd3 g5) 20. Qc4 {[%emt 0:13:32]} Rac8 {[%emt 0:00:47]} 21. Bg3 {[%emt 0:05:03]} d5 {[%emt 0:03:03]} 22. exd5 {[%emt 0:02:57]} Nxd5 {[%emt 0:00:05]} 23. Nc2 {[%emt 0:03:26] The position is equal.} Qf7 {[%emt 0:03:55]} 24. Rfe1 {[%emt 0:11:08]} Bf8 {[%emt 0:00:52]} 25. Qa6 {[%emt 0:04:48]} e5 {[%emt 0:02:47]} 26. a3 {[%emt 0:01:26] Weighted Error Value: White=0.51/Black=0.34} 1/2-1/2

[Event "German Bundesliga 2021-22"]
[Site "Germany"]
[Date "2022.04.10"]
[Round "4.5"]
[White "Mueller, Nick"]
[Black "Svane, Frederik"]
[Result "0-1"]
[WhiteElo "2375"]
[BlackElo "2496"]
[Annotator "TA"]
[PlyCount "80"]
[EventDate "2022.03.05"]
[EventType "team-tourn"]
[EventCountry "GER"]
[SourceTitle "playchess.com"]
[Source "ChessBase"]
[SourceQuality "1"]
[TimeControl "40/5400+30:1800+30"]

{[%evp 14,80,10,19,33,0,0,0,0,0,0,0,0,0,0,-10,8,8,8,0,0,-11,-20,-26,-18,-52,-30,-24,-27,-104,-8,-8,-5,-4,-8,-10,-6,-56,-62,-68,-36,-38,-36,-81,-33,-44,-36,-28,-25,-59,-66,-54,-64,-58,-62,-52,-46,-43,-54,-149,-37,-64,-17,-29993,-29994,-29997,-29998,-29998,-29999]} 1. d4 {[%emt 0:00:00]} Nf6 {[%emt 0:00:00]} 2. c4 {[%emt 0:00:00]} e6 {[%emt 0:00:00]} 3. Nc3 {[%emt 0:00:00]} Bb4 {[%emt 0:00:00]} 4. Qc2 {[%emt 0:00:00]} O-O {[%emt 0:00:00]} 5. Nf3 {[%emt 0:00:00]} c5 {[%emt 0:00:00]} 6. dxc5 {[%emt 0:00:00]} Na6 {[%emt 0:00:00]} 7. g3 {[%emt 0:00:00]} Nxc5 {[%emt 0:00:00]} 8. Bg2 {[%emt 0:00:00]} Nfe4 {[%emt 0:00:00] E39: Nimzo-Indian: Classical: 4...c5 5 dxc5 0-0.} 9. O-O {[%emt 0:01:21]} (9. Bd2 $5 {[%cal Rc3e4]} Bxc3 10. Bxc3 $11) 9... Bxc3 {[%emt 0:00:00]} 10. bxc3 {[%emt 0:00:08]} b6 $1 {[%emt 0:00:00][%mdl 4] The position is equal. is now more promising than 10...d6.} 11. Ng5 {[%emt 0:06:06]} d5 {[%emt 0:00:00]} 12. Nxe4 {[%emt 0:03:49]} dxe4 {[%emt 0:00:00] [#]} 13. Be3 $146 {[%emt 0:04:32]} ({Predecessor:} 13. Bxe4 Nxe4 14. Qxe4 Ba6 15. Ba3 Re8 16. c5 Qd2 17. Rfe1 Qxc3 18. Bb4 Qc4 19. Qxc4 Bxc4 20. cxb6 axb6 {½-½ (34) Yu,Y (2738)-Rapport,R (2735) Danzhou 2019}) 13... f5 {[%emt 0:00:00]} 14. f3 {[%emt 0:04:36][%cal Rf3e4]} exf3 {[%emt 0:03:08]} 15. Bxf3 {[%emt 0:07:55]} Rb8 {[%emt 0:00:48]} 16. Bxc5 {[%emt 0:07:57]} bxc5 {[%emt 0:00:08]} 17. Qa4 {[%emt 0:05:31]} Qc7 {[%emt 0:15:06]} 18. Rad1 {[%emt 0:07:25]} Rb2 {[%emt 0:06:49]} 19. Rd3 {[%emt 0:10:33]} e5 {[%emt 0:11:49] aiming for ...e4.} 20. Qa3 {[%emt 0:00:56]} Qb6 {[%emt 0:27:59] Threatens to win with ...e4.} 21. Rfd1 {[%emt 0:04:38]} (21. Rd6 $11 Qxd6 22. Bd5+ Kh8 23. Qxb2) 21... Rb1 {[%emt 0:03:59]} (21... e4 $17 22. Rd6 Rb1 $1) 22. Bd5+ $11 {[%emt 0:01:58]} Kh8 {[%emt 0:00:04] ...e4 is the strong threat.} 23. Rxb1 {[%emt 0:07:23]} Qxb1+ {[%emt 0:00:02]} 24. Kg2 {[%emt 0:00:10]} Qb6 {[%emt 0:02:07]} 25. Rf3 {[%emt 0:03:50]} ({White should play} 25. Qb3 $11) 25... f4 $15 {[%emt 0:01:18]} 26. Rf2 {[%emt 0:06:02][%cal Oe2e3]} g5 {[%emt 0:05:25]} (26... Bf5 $5 {[%cal Rf4g3]} 27. Kg1 Rb8 $17) 27. e3 {[%emt 0:01:13]} Bg4 {[%emt 0:04:02][%cal Of4f3] ( -> ...f3+!)} 28. Qc1 {[%emt 0:04:37][%cal Re3f4]} Qf6 {[%emt 0:03:57] &Nero is more active.} ({Black should try} 28... e4 $17 {And now ...Bf3+ would win.} 29. Kg1 Bf3) 29. h3 {[%emt 0:02:53]} Bc8 {[%emt 0:00:36]} 30. exf4 {[%emt 0:03:43]} gxf4 {[%emt 0:00:04] Black wants to play ...Qh6.} 31. gxf4 {[%emt 0:00:15]} exf4 {[%emt 0:00:31]} 32. Rf3 {[%emt 0:00:26]} Bf5 {[%emt 0:04:23]} 33. Kh2 {[%emt 0:00:56]} Bg6 $36 {[%emt 0:00:13][%mdl 2048] Black has the initiative.} 34. Qg1 {[%emt 0:02:59]} Bh5 {[%emt 0:00:53]} 35. Rf2 {[%emt 0:00:18]} Qe5 {[%emt 0:02:05]} ({Don't do} 35... Qxc3 36. Rg2 Bg6 37. Qxc5 $14) 36. h4 {[%emt 0:01:47] [#]} (36. Rb2 $15) 36... Bg6 {[%emt 0:04:54]} ({Don't play} 36... Qxc3 $6 37. Qg5 (37. Rg2 Bg6 $11) 37... Bg6 38. Rxf4 Qd2+ 39. Kg3 Qe1+ 40. Kh2 Qd2+ 41. Kg3 Qe3+ 42. Bf3 Qe1+ 43. Kh3 Qf1+ 44. Kh2 Qf2+ 45. Kh3 Qf1+ 46. Kh2 Qf2+ 47. Kh3 Qf1+ $11) (36... h6 $1 $17 37. Rf1 f3+ 38. Kh1 Qe2) 37. Rf3 {[%emt 0:00:43]} Rb8 {[%emt 0:01:06]} (37... Qe7 $15 {deserves consideration.} 38. Qg5 Qd6) 38. Qxc5 $2 {[%emt 0:02:19][%mdl 8192]} (38. Rf2 $11) 38... Rb2+ {[%emt 0:01:02] Black mates.} 39. Kg1 {[%emt 0:00:07]} Qe1+ {[%emt 0:00:06]} 40. Rf1 {[%emt 0:00:06]} Qg3+ {[%emt 0:00:03] Weighted Error Value: White=0.38/Black=0.20 (precise)} 0-1

[Event "German Bundesliga 2021-22"]
[Site "Germany"]
[Date "2022.04.10"]
[Round "4.5"]
[White "Klein, Felix"]
[Black "Zilka, Stepan"]
[Result "1/2-1/2"]
[WhiteElo "2288"]
[BlackElo "2599"]
[Annotator "TA"]
[PlyCount "42"]
[EventDate "2022.03.05"]
[EventType "team-tourn"]
[EventCountry "GER"]
[SourceTitle "playchess.com"]
[Source "ChessBase"]
[SourceQuality "1"]
[TimeControl "40/5400+30:1800+30"]

{[%evp 17,42,16,11,16,12,8,22,36,29,18,20,13,27,20,18,7,29,10,36,16,28,6,50,37,50,52,62]} 1. d4 {[%emt 0:00:00]} d5 {[%emt 0:00:00]} 2. c4 {[%emt 0:00:00]} e6 {[%emt 0:00:00]} 3. Nf3 {[%emt 0:00:00]} Nf6 {[%emt 0:00:00]} 4. Nc3 {[%emt 0:00:00]} c6 {[%emt 0:00:00]} 5. e3 {[%emt 0:00:00]} Nbd7 {[%emt 0:00:00]} 6. Qc2 {[%emt 0:00:00]} Bd6 {[%emt 0:00:00]} 7. Bd3 {[%emt 0:00:22]} O-O {[%emt 0:00:00]} 8. O-O {[%emt 0:00:08]} h6 {[%emt 0:00:00]} 9. b3 {[%emt 0:00:22]} b6 {[%emt 0:00:00]} 10. Bb2 {[%emt 0:00:20] D46: Semi-Slav: 5 e3 Nbd7 6 Bd3, Black avoids the Meran.} Bb7 {[%emt 0:00:00]} 11. Rad1 {[%emt 0:00:04]} Qe7 {[%emt 0:05:17]} 12. e4 {[%emt 0:03:27] The position is equal.} dxe4 {[%emt 0:01:46]} 13. Nxe4 {[%emt 0:00:19]} Nxe4 {[%emt 0:09:43]} 14. Bxe4 {[%emt 0:00:53]} Nf6 {[%emt 0:02:02]} 15. Bd3 {[%emt 0:00:29]} Ba3 {[%emt 0:03:48] [#]} 16. Ba1 $146 {[%emt 0:16:01]} ({Predecessor:} 16. Rfe1 Bxb2 17. Qxb2 Rfd8 18. Qc3 Qa3 19. Ne5 c5 20. dxc5 Qxc5 21. Bc2 a5 22. Qg3 {½-½ (30) Kuuse,K (1990)-Van Tricht,M (2350) ICCF email 2016}) 16... Bb4 {[%emt 0:01:25]} 17. Qe2 {[%emt 0:11:20]} Rad8 {[%emt 0:02:27]} 18. Bb1 {[%emt 0:04:02]} Rfe8 {[%emt 0:00:55]} 19. Ne5 {[%emt 0:07:58]} c5 {[%emt 0:03:52]} 20. Nd3 $1 {[%emt 0:08:05]} Ba3 {[%emt 0:04:33]} 21. dxc5 {[%emt 0:02:19]} Bxc5 {[%emt 0:01:42] Weighted Error Value: White=0.03 (flawless) /Black=0.10 (very precise)} 1/2-1/2

[Event "German Bundesliga 2021-22"]
[Site "Germany"]
[Date "2022.04.10"]
[Round "4.6"]
[White "Dautov, Rustem"]
[Black "Begnis, Nikolaos"]
[Result "1-0"]
[WhiteElo "2596"]
[BlackElo "2278"]
[Annotator "TA"]
[PlyCount "133"]
[EventDate "2022.03.05"]
[EventType "team-tourn"]
[EventCountry "GER"]
[SourceTitle "playchess.com"]
[Source "ChessBase"]
[SourceQuality "1"]
[TimeControl "40/5400+30:1800+30"]

{[%evp 20,133,43,40,69,60,56,61,62,54,88,80,103,47,55,48,43,13,0,0,0,0,0,-267,-266,-400,-247,-242,-207,-204,-135,-133,-139,-133,-111,-127,0,0,0,0,0,0,0,0,0,0,0,0,0,0,0,0,0,0,0,0,0,0,0,0,0,0,0,0,0,0,0,0,0,0,0,0,0,0,1105,0,12850,27999,27999,27999,27999,27999,27999,-28000,-28000,-28000,-28000,-28000,-28000,-28000,27993,27993,27994,27994,27995,27995,27980,27980,27994,27994,27995,27970,27998,27994,27995,27995,27998,27998,27999,27999,27993,27993,27997,27997,27999,27999]} 1. d4 {[%emt 0:00:00]} Nf6 {[%emt 0:00:00]} 2. Nf3 {[%emt 0:00:00]} g6 {[%emt 0:00:00]} 3. c4 {[%emt 0:00:00]} Bg7 {[%emt 0:00:00]} 4. g3 {[%emt 0:00:00]} O-O {[%emt 0:00:00]} 5. Bg2 {[%emt 0:00:00]} d6 {[%emt 0:00:00]} 6. Nc3 {[%emt 0:00:00]} c5 {[%emt 0:00:00]} 7. O-O {[%emt 0:00:00]} Nc6 {[%emt 0:00:00]} 8. dxc5 {[%emt 0:00:00]} dxc5 {[%emt 0:00:00]} 9. Bf4 {[%emt 0:00:00]} Be6 {[%emt 0:00:17]} 10. Ne5 {[%emt 0:00:00]} Nxe5 {[%emt 0:30:47]} 11. Bxe5 {[%emt 0:00:14]} Nd7 {[%emt 0:24:02] 11...Qb6 is the hot move. E65: King's Indian: Fianchetto: 6...c5 7 0-0 without d5 by White.} 12. Bxg7 {[%emt 0:19:33] &Bianco is more active.} Kxg7 {[%emt 0:00:21]} 13. b3 {[%emt 0:12:45]} Qc7 {[%emt 0:09:31] [#] White is slightly better.} 14. f4 $146 {[%emt 0:05:38]} ({Predecessor:} 14. Qd3 Nf6 15. Rfd1 a6 16. Nd5 Bxd5 17. cxd5 Rad8 18. Rac1 Qa5 19. Qc2 b6 20. e4 {1-0 (39) Bok,B (2619)-Matamoros Franco,C (2486) Chess.com INT 2021}) 14... Nf6 {[%emt 0:02:56]} 15. e4 {[%emt 0:03:10][%cal Be2e4,Be4e5][%mdl 32]} Rad8 {[%emt 0:06:36]} 16. Qf3 {[%emt 0:11:18]} (16. Qe2 $16) 16... Rd2 $14 {[%emt 0:07:07]} 17. e5 {[%emt 0:04:28]} Ng4 {[%emt 0:02:41]} 18. Nd5 {[%emt 0:05:41]} Qa5 {[%emt 0:03:23] Strongly threatening ...Rd8.} 19. Nxe7 {[%emt 0:01:53]} Rfd8 {[%emt 0:00:11]} 20. f5 {[%emt 0:15:29] Dancing on a razor blade.} gxf5 {[%emt 0:00:07]} 21. Kh1 $2 {[%emt 0:03:44][%mdl 8192] [#]} (21. Nxf5+ Bxf5 22. Bh3 (22. Qxf5 $2 Rxg2+ 23. Kh1 Rxh2+ 24. Kg1 Rg2+ 25. Kh1 Rxg3 $19) 22... Rc2 $1 $17) (21. Bh3 $1 $11 {and White stays safe.} Nxh2 22. Nxf5+ Kh8 23. Qf4 Nxf1 24. Qh6 Bxf5 25. Bxf5) 21... Rxg2 $1 $19 {[%emt 0:03:08]} 22. Kxg2 {[%emt 0:03:50]} (22. Qxg2 Rd2 23. Qf3 (23. Qxb7 Rxh2+ 24. Kg1 Qc3 25. Nxf5+ Bxf5 26. Qf3 Qd4+) 23... Qd8 $19) (22. Nxf5+ {only move.} Bxf5 23. Qxf5 Rxh2+ 24. Kg1 Rg2+ 25. Kh1 Rh2+ 26. Kg1 Rg2+ 27. Kh1 Rxg3 28. Rf4) 22... Qd2+ {[%emt 0:00:43]} 23. Rf2 {[%emt 0:00:08]} Nxf2 {[%emt 0:00:19]} 24. Qxf2 {[%emt 0:00:02]} Qc3 {[%emt 0:02:03]} (24... Kf8 25. Nd5 Bxd5+ 26. cxd5 Qxd5+ 27. Kg1) 25. Re1 {[%emt 0:00:49]} ({But not} 25. Nxf5+ $2 Kf8 26. Qxc5+ Kg8 $19) 25... Rd2 {[%emt 0:00:51]} 26. Re2 {[%emt 0:00:14]} Rxe2 {[%emt 0:00:12]} 27. Qxe2 {[%emt 0:00:02]} f4 {[%emt 0:02:17]} ({Better is} 27... Qd4 $17 28. Nd5 Bxd5+ 29. cxd5 Qxd5+ 30. Kf2 Kg6) 28. Nd5 {[%emt 0:03:10]} Bxd5+ {[%emt 0:02:37]} 29. cxd5 $11 {[%emt 0:00:09][%mdl 4096] Endgame KQ-KQ} f3+ {[%emt 0:00:02]} 30. Qxf3 {[%emt 0:00:10]} Qxe5 {[%emt 0:00:01]} 31. Qd3 {[%emt 0:05:29]} Qd6 {[%emt 0:01:15]} 32. a4 {[%emt 0:02:55]} Kf8 {[%emt 0:01:13]} 33. h4 {[%emt 0:01:54]} h6 {[%emt 0:01:31]} 34. Qf5 {[%emt 0:01:31]} b6 {[%emt 0:01:12]} 35. g4 {[%emt 0:01:16]} a6 {[%emt 0:00:15]} 36. g5 {[%emt 0:00:59]} hxg5 {[%emt 0:00:52]} 37. h5 {[%emt 0:00:57]} b5 {[%emt 0:01:17]} (37... g4 38. Qg5 f6 39. Qf5 $18) 38. axb5 {[%emt 0:00:32]} axb5 {[%emt 0:00:01]} 39. Qxg5 {[%emt 0:00:25]} f6 {[%emt 0:01:39]} 40. Qh6+ {[%emt 0:00:55]} Ke8 {[%emt 0:00:26]} 41. Qg6+ {[%emt 0:31:05]} Kf8 {[%emt 0:00:00]} 42. Qf5 {[%emt 0:00:00] Hoping for h6.} Kg7 {[%emt 0:00:00]} 43. Kf3 {[%emt 0:00:00] Qe6 is the strong threat.} c4 $1 {[%emt 0:04:38]} 44. bxc4 {[%emt 0:00:00]} ({Much less strong is} 44. Qg4+ $6 Kf8 $16) 44... bxc4 {[%emt 0:00:11]} 45. Qg4+ {[%emt 0:00:00]} Kf8 {[%emt 0:00:51]} 46. Qxc4 {[%emt 0:00:00] Threatens to win with h6.} Qa3+ $2 {[%emt 0:00:57][%mdl 8192] [#]} (46... Qe5 $11) 47. Kg4 $2 {[%emt 0:00:00]} (47. Ke4 $1 $18 {[%cal Re4f5]} Qe7+ 48. Kd4 (48. Kf3 Qe5 $14) 48... Qe5+ 49. Kc5) 47... f5+ $2 {[%emt 0:05:04][%mdl 8192]} (47... Qe3 $11) 48. Kxf5 $18 {[%emt 0:00:00]} Qf3+ {[%emt 0:11:06]} 49. Kg5 {[%emt 0:00:00]} Qg2+ {[%emt 0:00:29]} 50. Kf5 {[%emt 0:00:00]} Qf3+ {[%emt 0:00:24]} 51. Ke5 {[%emt 0:00:00]} Qxh5+ {[%emt 0:00:10]} 52. Kd6 {[%emt 0:00:00]} Qh6+ $4 {[%emt 0:00:49][%mdl 8192]} (52... Qg6+ 53. Kc7 Qf7+ 54. Kb6 Qd7) 53. Kc7 {[%emt 0:00:00]} Qh7+ {[%emt 0:01:55]} 54. Kb6 {[%emt 0:00:00]} Qb1+ $4 {[%emt 0:01:05][%mdl 8192]} (54... Qd7 55. Qc6 Ke7) 55. Qb5 {[%emt 0:00:58] White mates.} Qg6+ {[%emt 0:03:02]} 56. Qc6 {[%emt 0:00:20]} Qb1+ {[%emt 0:00:05]} 57. Kc7 {[%emt 0:00:33]} Qa2 {[%emt 0:04:05]} 58. d6 {[%emt 0:01:31]} Qh2 {[%emt 0:03:09]} 59. Kc8 {[%emt 0:00:19]} Qh8 {[%emt 0:00:42]} 60. Qc7 {[%emt 0:01:03]} Qa1 {[%emt 0:00:32]} 61. Qc6 {[%emt 0:01:23]} Qh8 {[%emt 0:00:20]} 62. Qf3+ {[%emt 0:01:24]} Ke8 {[%emt 0:00:14]} 63. Qb7 {[%emt 0:01:03]} Qc3+ {[%emt 0:01:01]} 64. Qc7 {[%emt 0:01:10]} Qh3+ {[%emt 0:00:38]} 65. d7+ {[%emt 0:00:08]} Ke7 {[%emt 0:00:12]} 66. Qe5+ {[%emt 0:00:40]} Kf7 {[%emt 0:00:08]} 67. Kc7 {[%emt 0:00:18] Both players deserved the win here.  Weighted Error Value: White=0.29 (precise) /Black=0.27 (precise)} 1-0